| 000 | 00591nam a2200181Ia 4500 | ||
|---|---|---|---|
| 003 | GCL | ||
| 008 | 140319s9999 xx 000 0 ara d | ||
| 040 |
_aGCL / _cGCL |
||
| 082 | 0 | 4 |
_aق _b910.02962 _bع و |
| 100 | 1 | _aعبداللطيف واكد | |
| 245 | 1 | 0 |
_aواحة امون بحث شامل لواحة سيوة على الغلاف (المقتطف) (هدية من الاديب عبدالفتاح الجمل) / _cعبداللطيف واكد |
| 300 | _a240 ص | ||
| 490 | _a | ||
| 650 | 0 | 4 | _aالصحارى |
| 650 | 0 | 4 | _aواحة سيوة |
| 650 | 0 | 4 | _aالواحات |
| 942 |
_2ddc _cBK |
||
| 999 |
_c38292 _d38292 |
||